000 00548nam a2200217Ia 4500
005 20250425161050.0
008 250425s9999 xx 000 0 und d
041 _aeng
082 _a543.003
100 _aDEE SNELL, FOSTER
245 0 _aENCYCLOPEDIA OF INDUSTRIAL CHEMICAL ANALYSIS (VOLUME 8)
250 _aS.E.
260 _aEstados Unidos
_bINTERSCIENCE
_c1969
260 _aNEW YORK
300 _a737
650 _aANALISIS QUIMICO
650 _aQUIMICA INDUSTRIAL
700 _aETTRE, LESLIE S.
942 _c01
010 _a11758
999 _c201752
_d201752